01552 a2200193 45000010006000000050017000060080041000230030015000640400040000790800020001192450135001390200022002742640042002963000019003385050866003570410008012231000028012318560099012596033020260407155853.0260407a2010 arg spa dAR-UNSa-BCEJYS aAR-UNSa-BCEJYSbspacAR-UNSa-BCEJYS a330.14xCapital10aForma valor y forma comunidadpAproximación teórico-abstracta a los fundamentos civilizatorios que preceden al Ayllu Universal a978-987-574-464-6 1aBuenos Aires :bPrometeo Librosc2010 a365 p.c21 cm. a1. La determinación social-natural de toda forma de producción. Valor de uso y su determinación social – 2. La construcción lógico- histórica de la racionalidad mercantil-capitalista. La forma civilizatoria del valor mercantil – 3. La producción del modo capitalista de producción. La forma social del trabajo que engendra la mercancía como forma general del producto de trabajo – 4. El núcleo fundante del desarrollo capitalista: subsunción formal y subsunción real de las fuerzas productivas objetivas, asociativas, subjetivas e intelectivas del ser humano bajo el capital – 5. Consideraciones sobre la nación a partir de la forma del valor – 6. La forma comunidad del proceso de producción. Formas comunales que han precedido al régimen del capital: algunas determinaciones de forma y contenido técnico- organizativo aspa1 aGarcia Linera, Álvaro41uhttps://www.biblioeco.unsa.edu.ar/pmb/images/libros/L129079.jpgyImagen de portadaqimage/jpeg